| 000 | 01037nam a22002415i 4500 | ||
|---|---|---|---|
| 999 |
_c7409 _d7409 |
||
| 003 | OSt | ||
| 005 | 20211118112103.0 | ||
| 008 | 211013s2021 sp 000 0 spa | ||
| 020 | _a9788417600518 | ||
| 040 |
_aDLC _cCDMR _bcat |
||
| 111 | 2 |
_aAsociación de Historiadores de la Comunicación Spain. Congreso _n(16è : _d2019 : _cSantiago de Compostela) |
|
| 245 | 1 | 0 |
_aNuevas perspectivas historiográficas en comunicación : _babordajes sobre la prensa en España, Portugal y América Latina / _cMarta Rodríguez Castro, Carlos Toural Bran, Alberto Pena Rodríguez (editores). |
| 264 | 1 |
_aSalamanca : _bComunicación Social Ediciones y Publicaciones, _c2021. |
|
| 300 |
_a214 pàgines; _c22 cm. |
||
| 490 | 0 |
_aColección historia y presente ; _v14 |
|
| 650 | 0 |
_93729 _aPremsa _zEspanya _xHistòria |
|
| 650 | 0 |
_93505 _aPremsa _zAmèrica Llatina _xHistòria |
|
| 650 | 0 |
_93747 _aPremsa _zPortugal _xHistòria |
|
| 700 | 1 | _aRodríguez-Castro, Marta. | |
| 700 | 1 | _aToural-Bran, Carlos. | |
| 700 | 1 | _aPena Rodríguez, Alberto, | |
| 942 |
_2udc _cPON |
||